| 000 | 00580cab a2200217 4500 | ||
|---|---|---|---|
| 001 | WB3230-09 | ||
| 008 | 090401t1996 xxu||||| |||| 00| 0 eng d | ||
| 035 | _a(Sirsi) u64443 | ||
| 041 | _aeng | ||
| 245 | _aPeople in grass houses | ||
| 260 | _c1996 | ||
| 350 | _a0 | ||
| 490 |
_aSunday Telegraph _vReview 28 July 1996, 23(1) |
||
| 520 | _aConsiders the merits of turf roofs. | ||
| 650 | _aGREEN BUILDINGS | ||
| 650 | _aTURF ROOFS | ||
| 690 | _aBUILT ENVIRONMENT-BUILDING MATERIALS | ||
| 690 | _aENVIRONMENTAL AND LAND CONSULTANCY | ||
| 942 | _n0 | ||
| 948 | _c04/03/1997 | ||
| 999 |
_c40139 _d40139 |
||